|
|
|
|
| LEADER |
00000nam0a2200000 4500 |
| 001 |
185208 |
| 005 |
20231101223912.0 |
| 010 |
|
|
|a 9785769564567
|
| 035 |
|
|
|a (RuTPU)RU\TPU\book\200887
|
| 090 |
|
|
|a 185208
|
| 100 |
|
|
|a 20101005d2010 m y0rusy50 ca
|
| 101 |
0 |
|
|a rus
|
| 102 |
|
|
|a RU
|
| 105 |
|
|
|a y j 001zy
|
| 200 |
1 |
|
|a Банковское дело: Организация и регулирование
|e учебное пособие
|f А. А. Казимагомедов
|
| 210 |
|
|
|a Москва
|c Академия
|d 2010
|
| 215 |
|
|
|a 272 с.
|
| 225 |
1 |
|
|a Высшее профессиональное образование. Экономика и управление
|
| 320 |
|
|
|a Библиогр.: с. 266.
|
| 330 |
|
|
|a Рассмотрены вопросы организации банковской системы и банковской деятельности в России. Приведены основные направления регулирования деятельности коммерческих банков Центральным банком Российской Федерации. Значительное внимание уделено нормативно-правовому регулированию банковских операций и услуг. Уделено внимание организации банковского дела в странах СНГ и Европейском союзе. Для студентов учреждений высшего профессионального образования.
|
| 606 |
1 |
|
|a Банковское дело
|2 stltpush
|3 (RuTPU)RU\TPU\subj\69888
|9 84550
|
| 610 |
1 |
|
|a экономика
|
| 610 |
1 |
|
|a банковские системы
|
| 610 |
1 |
|
|a правовое регулирование
|
| 610 |
1 |
|
|a банковские операции
|
| 610 |
1 |
|
|a банковские услуги
|
| 610 |
1 |
|
|a коммерческие банки
|
| 610 |
1 |
|
|a Центральный банк
|
| 610 |
1 |
|
|a СНГ
|
| 610 |
1 |
|
|a ЕС
|
| 610 |
1 |
|
|a Базельское соглашение
|
| 610 |
1 |
|
|a Вольфсбергские принципы
|
| 686 |
|
|
|a У9(2)262.10я73
|v LBC/SL-A
|2 rubbk
|
| 700 |
|
1 |
|a Казимагомедов
|b А. А.
|g Абдулла Аседуллаевич
|
| 801 |
|
1 |
|a RU
|b 63413507
|c 20101005
|
| 801 |
|
2 |
|a RU
|b 63413507
|c 20150526
|g RCR
|
| 900 |
|
|
|a Банковское дело
|
| 942 |
|
|
|c BK
|
| 951 |
|
|
|b 080105
|b 080109
|b 080102
|b 080107
|
| 959 |
|
|
|a 68/20101005
|d 2
|e 369,60
|f АНЛ:1
|f ЧЗГЛ:1
|